Privatización de las telecomunicaciones en Costa Rica: informe final /
Uloženo v:
| Hlavní autor: | |
|---|---|
| Médium: | Text |
| Edice: | Serie Informes Finales de Investigación IIS
|
| Tagy: |
Přidat tag
Žádné tagy, Buďte první, kdo vytvoří štítek k tomuto záznamu!
|
MARC
| LEADER | 00000 a a2200000 04500 | ||
|---|---|---|---|
| 001 | 44909 | ||
| 003 | |||
| 040 | |||
| 100 | |a Durán Castro, Osvaldo | ||
| 245 | |a Privatización de las telecomunicaciones en Costa Rica: |b informe final / |c Osvaldo Durán Castro | ||
| 440 | |a Serie Informes Finales de Investigación IIS | ||
| 773 | |g número725-96-340 ( , 1998), 133 páginas | ||
| 999 | |c 29822 |d 29822 | ||
